| 000 | 00484cam a22002051 4500 | ||
|---|---|---|---|
| 001 | 748240 | ||
| 005 | 20180202075712.0 | ||
| 008 | 721213s1952 nyuabc 000 0 eng | ||
| 010 | _a 52005435 | ||
| 040 |
_aDLC _cDLC _dDLC |
||
| 041 | _aeng | ||
| 043 | _ae------ | ||
| 080 | _a940.22 FRI | ||
| 082 | 0 | 0 | _a940.22 FRI |
| 100 | 1 | _a16 | |
| 101 | _aHIS | ||
| 245 | 1 | 4 | _aThe age of the baroque, 1610-1660. |
| 906 |
_a7 _bcbc _corignew _du _eocip _f19 _gy-gencatlg |
||
| 942 |
_2ddc _cBK |
||
| 999 |
_c41668 _d41668 |
||